Āratī aura aṅgāre. (Record no. 72575)

MARC details
000 -LEADER
fixed length control field 00571cam a22002291 4500
001 - CONTROL NUMBER
control field sa 67001369
003 - CONTROL NUMBER IDENTIFIER
control field DLC
005 - DATE AND TIME OF LATEST TRANSACTION
control field 20260227112322.0
008 - FIXED-LENGTH DATA ELEMENTS--GENERAL INFORMATION
fixed length control field 891031s1963 ii 000 0 hino
010 ## - LIBRARY OF CONGRESS CONTROL NUMBER
LC control number sa 67001369
035 ## - SYSTEM CONTROL NUMBER
System control number (OCoLC)20576554
040 ## - CATALOGING SOURCE
Original cataloging agency DLC
Transcribing agency WaU
Modifying agency NRU
-- DLC
042 ## - AUTHENTICATION CODE
Authentication code premarc
050 00 - LIBRARY OF CONGRESS CALL NUMBER
Classification number PK2098.B22
Item number A8 1963
100 1# - MAIN ENTRY--PERSONAL NAME
Personal name Baccana,
Dates associated with a name 1907-2003.
245 10 - TITLE STATEMENT
Title Āratī aura aṅgāre.
250 ## - EDITION STATEMENT
Edition statement [3. saṃskaraṇa]
260 ## - PUBLICATION, DISTRIBUTION, ETC.
Place of publication, distribution, etc. Dillī,
Name of publisher, distributor, etc. Rājapāla
Date of publication, distribution, etc. [1963]
300 ## - PHYSICAL DESCRIPTION
Extent 244 p.
Dimensions 19 cm.
500 ## - GENERAL NOTE
General note In Hindi.
500 ## - GENERAL NOTE
General note Poems.

No items available.

Powered by Koha